000 02000nam a2200289 i 4500
003 DO-SdBNP
005 20230914113528.0
007 ta
008 150114s2022 dr ao 000 0 spa d
040 _aDO-SdBNP
_bspa
_cBNPHU
_erda
082 _222
_bG943
110 1 _aFederación Dominicana de Municipios (FEDOMU)
_984131
245 1 0 _aGuía estándares de calidad en obras de presupuesto participativo municipal y componente del sistema de control y transparencia /
_celaboración Rocely Marlenis Mejía, Carmen Comprés ; revisión Genrry E. González Molina, Juan Luis Pimentel ; presentación Kelvin Cruz
264 _aSanto Domingo :
_bFEDOMU,
_c2022.
300 _a70 páginas
_bilustraciones, fotografías
_c28 cm.
336 _2rdacontent
_atexto
_btxt
337 _2rdamedia
_asin mediación
_bn
338 _2rdacarrier
_avolumen
_bnc
505 _tPresentación --
_tIntroducción --
_tLas obras municipales, criterios fundamentales para su veeduría social --
_t¿Cuáles son las obras que más se priorizan en el presupuesto participativo? --
_tEstándares de calidad en la construcción --
_tHerramientas utilizadas en la construcción --
_tMateriales más usados --
_tMateriales más usados descripción --
_tLos suelos y las cimentaciones --
_t1. Gestión y planificación de la obra --
_t2. Procedimientos y métodos de los trabajos de obras --
_tZapatas de muros y de columnas --
_tVigas de cargas, de amarres, dinteles y losas de techos --
_tPañete --
_tInstalaciones --
_tInstalaciones --
_tColocación de pisos --
_tPuertas y ventanas --
_tAceras y contenes --
_tProyectos eléctricos --
_tComponente del sistema de control y transparencia en el presupuesto participativo municipal /
590 _aInventariado, 2023/ YL
700 1 _aGonzález Molina, Genrry E.
_erevisión
_983859
700 1 _aPimentel, Juan Luis
_erevisión
_984132
700 1 _aMejía, Rocely Marlenis
_ecolaboradora
_984133
700 1 _aComprés, Carmen
_ecolaboradora
_984134
910 _aYLockward
942 _2ddc
_cLBS1
999 _c54749
_d54749